000 01363nam a2200385Ii 4500
001 DIGSLX1509
003 NyNyDIG
006 m o d
007 cr |||||||||||
008 130401s2012 sp ab ob 000 0 spa d
020 _a9788477375654
_q(eBook)
020 _z9788477375647
020 _z847737564X
035 _a(OCoLC)888278490
040 _aDGITA
_beng
_epn
_cDGITA
050 1 4 _aHD2321 eBook
100 1 _aSalort i Vives, Salvador.
245 1 0 _aRevoluciones industriales, trabajo y estado del bienestar :
_bla gran ruptura mundial contemporánea /
_cSalvador Salort i Vives.
264 1 _aMadrid :
_bSílex,
_c2012.
300 _a1 online resource (331 pages) :
_bill., maps
336 _atext
_btxt
_2rdacontent
337 _acomputer
_bc
_2rdamedia
338 _aonline resource
_bcr
_2rdacarrier
490 1 _aSerie Historia contemporánea
504 _aIncludes bibliographical references (p. 309-311).
650 0 _aIndustrial revolution.
650 0 _aWelfare state.
655 0 _aElectronic books.
791 2 _aDigitalia (Firm),
_edistributor.
830 0 _aSerie Historia contemporánea (Sílex (Firm : Madrid, Spain))
793 0 _gDigitalia eBook Collection:
_aSílex.
856 4 0 _3Digitalia Hispánica
_uhttps://www.digitaliapublishing.com/a/15543/
910 _aPremium Collection: 2007-2012
942 _cRAA
999 _c234219
_d234219